[Event "World Blitz 2025"]
[Site "Doha QAT"]
[Date "2025.12.29"]
[Round "8.2"]
[White "Erigaisi, Arjun"]
[Black "Firouzja, Alireza"]
[Result "1/2-1/2"]
[WhiteTitle "GM"]
[BlackTitle "GM"]
[WhiteElo "2775"]
[BlackElo "2762"]
[WhiteFideId "35009192"]
[BlackFideId "12573981"]
[EventDate "2025.12.29"]

1. d4 Nf6 2. c4 e6 3. Nf3 d5 4. Nc3 c6 5. Bg5 h6 6. Bh4 dxc4 7. e4 g5 8. Bg3 b5
9. Be2 Bb7 10. h4 g4 11. Ne5 Nbd7 12. Nxd7 Qxd7 13. Be5 Qe7 14. b3 cxb3 15. axb3
Bg7 16. O-O O-O 17. Bxg4 Nxg4 18. Qxg4 f6 19. Bf4 Kh7 20. Qg3 Qf7 21. Bd6 Rg8
22. Qf3 c5 23. Bxc5 f5 24. Qf4 Bf6 25. f3 Qg7 26. Rf2 a6 27. e5 Bd8 28. d5 Rc8
29. b4 Bc7 30. Re1 Qf7 31. Qd4 exd5 32. e6 Qg7 33. Qxg7+ Rxg7 34. Rd2 Bg3 35.
Ree2 Bxh4 36. Nxd5 Re8 37. Re5 Bg5 38. f4 Bxd5 39. Rdxd5 Bxf4 40. Rxf5 Bg5 41.
Rde5 Kg6 42. Rf3 Rc7 43. g4 Bf6 44. Re4 a5 45. e7 axb4 46. Bxb4 Rc4 47. Re6
Rxg4+ 48. Kf2 Rxb4 49. Rexf6+ Kg7 50. Rf7+ Kg6 51. R3f6+ Kg5 52. Rf5+ Kg6 53.
R5f6+ Kg5 54. Rf5+ Kg6 1/2-1/2

[Event "World Blitz 2025"]
[Site "Doha QAT"]
[Date "2025.12.29"]
[Round "8.3"]
[White "Lu, Shanglei"]
[Black "Abdusattorov, Nodirbek"]
[Result "1/2-1/2"]
[WhiteTitle "GM"]
[BlackTitle "GM"]
[WhiteElo "2643"]
[BlackElo "2732"]
[WhiteFideId "8603332"]
[BlackFideId "14204118"]
[EventDate "2025.12.29"]

1. e4 e5 2. Nf3 Nf6 3. Nxe5 d6 4. Nf3 Nxe4 5. d3 Nf6 6. d4 g6 7. Bd3 Bg7 8. O-O
O-O 9. Re1 c5 10. dxc5 dxc5 11. Nc3 Nc6 12. a3 Be6 13. Bf4 Nd5 14. Nxd5 Qxd5 15.
c3 Rad8 16. Be4 Qc4 17. Qe2 Qxe2 18. Rxe2 Bd5 19. Rd1 Bxe4 20. Rxd8 Rxd8 21.
Rxe4 h6 22. g4 b6 23. Kf1 Kf8 24. Ke2 Rd5 25. h3 Nd8 26. Ra4 Nc6 27. Re4 Nd8 28.
Ra4 Rd7 29. Be3 Nc6 30. Re4 Rd5 1/2-1/2

[Event "World Blitz 2025"]
[Site "Doha QAT"]
[Date "2025.12.29"]
[Round "8.4"]
[White "So, Wesley"]
[Black "Praggnanandhaa, R"]
[Result "1/2-1/2"]
[WhiteTitle "GM"]
[BlackTitle "GM"]
[WhiteElo "2753"]
[BlackElo "2761"]
[WhiteFideId "5202213"]
[BlackFideId "25059530"]
[EventDate "2025.12.29"]

1. e4 c5 2. Nf3 Nc6 3. d4 cxd4 4. Nxd4 Nf6 5. Nc3 e5 6. Ndb5 d6 7. Bg5 a6 8. Na3
b5 9. Bxf6 gxf6 10. Nd5 f5 11. c3 Bg7 12. exf5 Bxf5 13. Nc2 O-O 14. Nce3 Be6 15.
Bd3 f5 16. Bc2 f4 17. Qh5 Rf7 18. Bf5 Qe8 19. Qxh7+ Kf8 20. Qh3 Rxf5 21. Nxf5
Qg6 22. Nde3 fxe3 23. fxe3 Bxf5 24. O-O 1/2-1/2

[Event "World Blitz 2025"]
[Site "Doha QAT"]
[Date "2025.12.29"]
[Round "8.5"]
[White "Bu, Xiangzhi"]
[Black "Aronian, Levon"]
[Result "1/2-1/2"]
[WhiteTitle "GM"]
[BlackTitle "GM"]
[WhiteElo "2665"]
[BlackElo "2729"]
[WhiteFideId "8601445"]
[BlackFideId "13300474"]
[EventDate "2025.12.29"]

1. Nf3 d5 2. d4 e6 3. c4 Nd7 4. Nc3 Ngf6 5. cxd5 exd5 6. Bg5 Bb4 7. e3 h6 8.
Bxf6 Qxf6 9. Qb3 Qd6 10. a3 Ba5 11. Bd3 c6 12. O-O O-O 13. e4 Bxc3 14. bxc3 dxe4
15. Bxe4 Nf6 16. Bd3 Be6 17. Qb4 Rfd8 18. Qxd6 Rxd6 19. a4 c5 20. Rfb1 b6 21. a5
Rc8 22. axb6 axb6 23. Ra6 cxd4 24. cxd4 Nd5 25. h3 g5 26. Rb2 Kg7 27. Be4 Nf6
28. Bd3 g4 29. hxg4 Nxg4 30. Rb1 Rdc6 31. Raa1 h5 32. Ne5 Rd6 33. Nxg4 hxg4 34.
Rb4 Rcd8 35. Be2 Rxd4 36. Rxb6 Rd2 1/2-1/2

[Event "World Blitz 2025"]
[Site "Doha QAT"]
[Date "2025.12.29"]
[Round "8.6"]
[White "Bortnyk, Olexandr"]
[Black "Pranav, Anand"]
[Result "1/2-1/2"]
[WhiteTitle "GM"]
[BlackTitle "GM"]
[WhiteElo "2601"]
[BlackElo "2591"]
[WhiteFideId "14120828"]
[BlackFideId "46626786"]
[EventDate "2025.12.29"]

1. d4 Nf6 2. Nc3 d5 3. Bf4 c5 4. e4 Nxe4 5. Nxe4 dxe4 6. dxc5 Qa5+ 7. c3 Qxc5 8.
Qa4+ Nc6 9. Qxe4 g6 10. Nf3 Bg7 11. Rd1 Be6 12. Be3 Qa5 13. Bc4 Bxc4 14. Qxc4
O-O 15. O-O Rfd8 16. Ng5 Qf5 17. a4 h6 18. Nf3 Qc2 19. Rb1 Rac8 20. Qb5 b6 21.
h3 e6 22. Rfc1 Qe4 23. Re1 Qd5 24. Qxd5 Rxd5 25. Rbd1 Rcd8 26. Rxd5 Rxd5 27. Kf1
g5 28. Ke2 Ra5 29. Ra1 b5 30. Rd1 Rxa4 31. Rd6 Ne5 32. Rd8+ Kh7 33. Nxe5 Bxe5
34. Rd7 Ra2 35. Rxf7+ Kg6 36. Rxa7 Rxb2+ 37. Kd3 Rb3 38. Bd4 Bxd4 39. Kxd4 Rb2
40. Ke3 Kf5 41. Rb7 h5 42. g3 Rb3 43. Kd4 Rb2 44. Ke3 Rb3 45. Kd4 Rb2 1/2-1/2

[Event "World Blitz 2025"]
[Site "Doha QAT"]
[Date "2025.12.29"]
[Round "8.8"]
[White "Pranav, V"]
[Black "Artemiev, Vladislav"]
[Result "1/2-1/2"]
[WhiteTitle "GM"]
[BlackTitle "GM"]
[WhiteElo "2641"]
[BlackElo "2641"]
[WhiteFideId "25060783"]
[BlackFideId "24101605"]
[EventDate "2025.12.29"]

1. e4 e5 2. Nf3 Nc6 3. Bb5 Nf6 4. d3 Bc5 5. O-O Nd4 6. Nxd4 Bxd4 7. c3 Bb6 8.
Ba4 c6 9. Nd2 d6 10. Nf3 O-O 11. h3 h6 12. Re1 Re8 13. Bc2 d5 14. exd5 Qxd5 15.
Bb3 Qd6 16. d4 exd4 17. Rxe8+ Nxe8 18. Nxd4 Bxd4 19. Qxd4 Qxd4 20. cxd4 Be6 21.
Bc2 Rd8 22. Be3 a6 23. a3 Nd6 24. Bd3 Bc4 25. Bc2 Be6 26. Bd3 Nf5 27. Bxf5 Bxf5
28. Rc1 f6 29. f3 Kf7 30. Kf2 Be6 31. h4 h5 32. Rc5 Bd5 33. Rc1 Kg6 34. Re1 Rd7
35. g4 hxg4 36. fxg4 Be6 37. Kf3 Kf7 38. h5 Rd5 39. Rc1 Rb5 40. b4 Rd5 41. Rc5
Rd8 42. Rc2 Rh8 43. Kg3 Bd5 44. Rc1 Re8 45. Re1 Be6 46. g5 fxg5 47. Bxg5 Rh8 48.
Rh1 Bd5 49. Rh2 Re8 50. h6 Kg6 51. Bf4 gxh6 52. Rxh6+ Kf5 53. Rh5+ Ke4 54. Re5+
Rxe5 55. Bxe5 Kd3 56. a4 Kc4 57. Bd6 b6 58. a5 bxa5 59. bxa5 Kxd4 60. Kf2 c5 61.
Ke2 Be4 62. Kd2 c4 63. Kc1 Kc3 64. Bc7 1/2-1/2

[Event "World Blitz 2025"]
[Site "Doha QAT"]
[Date "2025.12.29"]
[Round "8.10"]
[White "Moussard, Jules"]
[Black "Dubov, Daniil"]
[Result "0-1"]
[WhiteTitle "GM"]
[BlackTitle "GM"]
[WhiteElo "2600"]
[BlackElo "2672"]
[WhiteFideId "642908"]
[BlackFideId "24126055"]
[EventDate "2025.12.29"]

1. e4 c5 2. d4 cxd4 3. Qxd4 Nc6 4. Qd3 Nf6 5. Nc3 g6 6. Nf3 Bg7 7. Be2 O-O 8.
O-O d6 9. Nd5 Nd7 10. c3 Nc5 11. Qc2 e6 12. Ne3 f5 13. exf5 gxf5 14. b4 Ne4 15.
Bb2 Qf6 16. b5 Ne7 17. Rac1 b6 18. Ba1 Bb7 19. c4 Qh6 20. Bxg7 Qxg7 21. Rfd1 f4
22. Nf1 e5 23. Ne1 Ng5 24. Bg4 h5 25. Bd7 Rad8 26. Rxd6 Nf5 27. Bxf5 Rxd6 28. h4
Rdf6 29. Bd3 Nf3+ 30. Nxf3 Bxf3 31. g3 fxg3 32. Nxg3 Bb7 33. Be4 Rxf2 34. Qxf2
Rxf2 35. Kxf2 Qf6+ 36. Kg2 Bxe4+ 37. Nxe4 Qxh4 38. Ng3 Qg5 39. Re1 h4 0-1

[Event "World Blitz 2025"]
[Site "Doha QAT"]
[Date "2025.12.29"]
[Round "8.11"]
[White "Duda, Jan-Krzysztof"]
[Black "Narayanan, S.L."]
[Result "0-1"]
[WhiteTitle "GM"]
[BlackTitle "GM"]
[WhiteElo "2729"]
[BlackElo "2616"]
[WhiteFideId "1170546"]
[BlackFideId "5058422"]
[EventDate "2025.12.29"]

1. d4 Nf6 2. c4 d6 3. Nf3 g6 4. g3 Bg7 5. Bg2 O-O 6. O-O Bd7 7. Nc3 Re8 8. e4 e5
9. d5 a5 10. Ne1 Na6 11. Nd3 Rf8 12. a3 Nc5 13. Nxc5 dxc5 14. f4 Ne8 15. f5 Nd6
16. Qd3 a4 17. Be3 b6 18. Rf2 Bc8 19. Raf1 f6 20. Nb1 Ba6 21. Nd2 b5 22. Bxc5
bxc4 23. Qc2 Bh6 24. Re1 Qd7 25. Bf1 Qb5 26. Bxd6 cxd6 27. Bxc4 Qc5 28. Re2 Rac8
29. Qxa4 Bxc4 30. Nxc4 Qxc4 31. Qd7 Be3 32. Rxe3 Qc1+ 33. Kg2 Qxe3 34. Qe6+ Kg7
35. Qd7+ Kh8 36. Qxd6 Qxe4+ 37. Kh3 gxf5 38. Qe6 Rce8 39. Qc6 f4 40. b4 Rd8 41.
b5 f3 42. Qe6 f5 0-1

[Event "World Blitz 2025"]
[Site "Doha QAT"]
[Date "2025.12.29"]
[Round "8.12"]
[White "Indjic, Aleksandar"]
[Black "Sargsyan, Shant"]
[Result "1-0"]
[WhiteTitle "GM"]
[BlackTitle "GM"]
[WhiteElo "2635"]
[BlackElo "2665"]
[WhiteFideId "911925"]
[BlackFideId "13306766"]
[EventDate "2025.12.29"]

1. c4 e6 2. g3 d5 3. Bg2 Nf6 4. Nf3 Be7 5. O-O O-O 6. d3 h6 7. b3 c5 8. Bb2 b6
9. e3 Bb7 10. Qe2 Nc6 11. a3 Qc7 12. Nc3 Rad8 13. cxd5 exd5 14. d4 cxd4 15. Nb5
Ba6 16. Bxd4 Qd7 17. a4 Ne4 18. Bb2 Bc5 19. Rfd1 Qe7 20. Nfd4 Nxd4 21. exd4 Bb4
22. f3 Ng5 23. Qxe7 Bxe7 24. Nxa7 Bf6 25. Rd2 Rfe8 26. Kf2 Ne6 27. h4 g5 28.
hxg5 hxg5 29. Bh3 Kg7 30. Nc6 Rc8 31. Nb4 Bb7 32. Kg2 Rh8 33. Rh1 Rce8 34. Bf5
Rxh1 35. Kxh1 Be7 36. Nd3 Bd6 37. Kg2 Kf6 38. Bg4 Kg6 39. Ne5+ Bxe5 40. dxe5 Nc5
41. Ba3 Rxe5 42. a5 f5 43. Bh3 d4 44. g4 f4 45. Rxd4 Re2+ 46. Kg1 Bxf3 47. axb6
Nxb3 48. Rd6+ Kf7 49. Rd3 Re3 50. Rxe3 fxe3 51. Bg2 Nd2 52. Bxf3 Nxf3+ 53. Kf1
Ne5 54. b7 Nc6 55. Ke2 Ke6 56. Kxe3 Kd5 57. Bb2 Nb8 58. Bf6 Nd7 59. Bxg5 Kc6 60.
Ke4 Kxb7 61. Kd5 Nf8 62. Kd6 Ng6 63. Ke6 Kc6 64. Kf5 Nh8 65. Kf6 Kd5 66. Bh6 Ke4
67. Kg7 Kf3 68. g5 1-0

[Event "World Blitz 2025"]
[Site "Doha QAT"]
[Date "2025.12.29"]
[Round "8.13"]
[White "Harikrishna, Pentala"]
[Black "Grischuk, Alexander"]
[Result "0-1"]
[WhiteTitle "GM"]
[BlackTitle "GM"]
[WhiteElo "2693"]
[BlackElo "2654"]
[WhiteFideId "5007003"]
[BlackFideId "4126025"]
[EventDate "2025.12.29"]

1. d4 Nf6 2. Nf3 g6 3. Bg5 Bg7 4. Nbd2 d5 5. e3 O-O 6. Be2 c5 7. c3 h6 8. Bh4
cxd4 9. exd4 Qb6 10. Qb3 Qe6 11. Bxf6 exf6 12. Nf1 f5 13. Ne3 Rd8 14. g3 g5 15.
Ne5 Nc6 16. O-O-O Nxe5 17. dxe5 Qxe5 18. Rxd5 Rxd5 19. Qxd5 Be6 20. Qxe5 Bxe5
21. Bc4 f4 22. Bxe6 fxe3 23. Bb3 exf2 24. Rf1 Re8 25. Rxf2 Re7 26. Bd5 Kg7 27.
a4 b6 28. Kc2 h5 29. b4 f6 30. Kb3 g4 31. Re2 f5 32. Kc2 Kf6 33. Rf2 Kg5 34. Re2
h4 35. Kd3 hxg3 36. hxg3 Kf6 37. Re3 Bd6 38. Rxe7 Kxe7 39. Bb7 Bxg3 40. Bc8 Kf6
41. Ke3 Bd6 42. Bd7 0-1

[Event "World Blitz 2025"]
[Site "Doha QAT"]
[Date "2025.12.29"]
[Round "8.14"]
[White "Esipenko, Andrey"]
[Black "Mamedov, Edgar"]
[Result "1/2-1/2"]
[WhiteTitle "GM"]
[BlackTitle "GM"]
[WhiteElo "2698"]
[BlackElo "2492"]
[WhiteFideId "24175439"]
[BlackFideId "13739980"]
[EventDate "2025.12.29"]

1. e4 e5 2. Nf3 Nc6 3. Bb5 a6 4. Ba4 Nf6 5. d4 exd4 6. O-O Be7 7. e5 Ne4 8. Nxd4
O-O 9. Nf5 d5 10. Nxe7+ Nxe7 11. c3 Nc5 12. Bc2 Bf5 13. Na3 Qd7 14. Be3 Bxc2 15.
Nxc2 Ne6 16. f4 f5 17. exf6 Rxf6 18. Qd3 Raf8 19. g3 c5 20. Rae1 Nf5 21. Bd2 c4
22. Qf3 Nc5 23. Re5 Ne4 24. Be1 Rg6 25. Nb4 Nh4 26. Qe2 Nf6 27. Re7 Qh3 28. Qe6+
Qxe6 29. Rxe6 Nf5 30. Re5 Ng4 31. Re2 d4 32. cxd4 Nxd4 33. Re4 Nf5 34. Bc3 h5
35. Nd5 h4 36. Ne7+ Nxe7 37. Rxe7 b5 38. Rd1 hxg3 39. hxg3 Nh6 40. Kf2 Nf5 41.
Re5 Nxg3 42. Kf3 Nf5 43. Ke4 Ng3+ 44. Kf3 Nf5 45. Ke4 Ng3+ 46. Kf3 Nf5 47. Ke4
Ng3+ 1/2-1/2

[Event "World Blitz 2025"]
[Site "Doha QAT"]
[Date "2025.12.29"]
[Round "8.15"]
[White "Salem, A.R. Saleh"]
[Black "Paravyan, David"]
[Result "0-1"]
[WhiteTitle "GM"]
[BlackTitle "GM"]
[WhiteElo "2635"]
[BlackElo "2582"]
[WhiteFideId "9301348"]
[BlackFideId "4194985"]
[EventDate "2025.12.29"]

1. d4 d5 2. c4 dxc4 3. e4 e5 4. Nf3 exd4 5. Bxc4 Nc6 6. O-O Be6 7. Nbd2 Qf6 8.
Qa4 O-O-O 9. b4 Kb8 10. b5 Ne5 11. Nxe5 Qxe5 12. Nf3 Qc5 13. Bxe6 fxe6 14. Ng5
Qe7 15. Qc4 Nf6 16. Bf4 e5 17. Bg3 Rd7 18. Nf3 Qc5 19. Qxc5 Bxc5 20. Nxe5 Re7
21. f3 d3+ 22. Kh1 Bd4 23. Nxd3 Bxa1 24. Rxa1 Rd8 25. Nc5 g5 26. h3 Nh5 27. Bh2
Nf4 28. Bg1 b6 29. Na6+ Kb7 30. Nb4 Rd2 31. Be3 Rb2 32. Bxf4 gxf4 33. Nd5 Rg7
34. Nxf4 Rxb5 35. Re1 Re7 36. Re2 a5 37. Kh2 a4 38. h4 Rc5 39. Kh3 b5 40. g4 Rc3
41. Kg3 c6 42. g5 b4 43. h5 b3 44. axb3 axb3 45. g6 hxg6 46. hxg6 Rc2 47. Re3 b2
48. Rb3+ Ka7 49. Ra3+ Kb6 50. Rb3+ Ka6 51. Nd3 Rb7 52. Nb4+ Ka5 53. Nxc6+ Rxc6
54. Rxb7 Rxg6+ 55. Kf4 Rb6 0-1

[Event "World Blitz 2025"]
[Site "Doha QAT"]
[Date "2025.12.29"]
[Round "8.17"]
[White "Muradli, Mahammad"]
[Black "Murzin, Volodar"]
[Result "0-1"]
[WhiteTitle "GM"]
[BlackTitle "GM"]
[WhiteElo "2581"]
[BlackElo "2648"]
[WhiteFideId "13409301"]
[BlackFideId "44155573"]
[EventDate "2025.12.29"]

1. d4 d5 2. c4 c6 3. Nf3 Nf6 4. cxd5 cxd5 5. Nc3 Nc6 6. Bf4 Nh5 7. Be5 Nf6 8.
Bxf6 exf6 9. a3 Be6 10. e3 g6 11. g3 Bg7 12. Bg2 O-O 13. O-O Qd7 14. Ne1 Rfd8
15. Nd3 b6 16. Rc1 Rac8 17. Qa4 Bh6 18. Nb4 Nxb4 19. Qxb4 Bf8 20. Qb3 Kg7 21.
Rc2 Bf5 22. Rd2 Be6 23. Rc1 b5 24. Bf1 a6 25. Qd1 h5 26. Rdc2 Bf5 27. Bd3 Bg4
28. Be2 Bf5 29. Rd2 Rc7 30. Na2 Rdc8 31. Rxc7 Rxc7 32. Bd3 Bg4 33. Be2 Bf5 34.
Bf3 a5 35. Nc3 Be6 36. Rc2 Qc8 37. Rd2 Bxa3 38. Ne2 Bb4 39. Rd3 a4 40. h4 Rc2
41. Kg2 Rxb2 42. Nf4 Bf5 43. Bxd5 Bxd3 44. Nxd3 Rd2 45. Qb1 Bf8 46. Qxb5 a3 47.
Bb3 Qc7 48. Nf4 a2 49. Qa6 Qd6 50. Qa7 Qe7 51. Qa6 Qa3 52. Qb7 Qxb3 53. Qxb3
a1=Q 54. Qb7 Qa2 55. Qf3 f5 56. Nh3 Qc4 57. Ng5 Rc2 58. Nh3 Qc6 59. d5 Qc4 60.
Ng5 Rc1 0-1

[Event "World Blitz 2025"]
[Site "Doha QAT"]
[Date "2025.12.29"]
[Round "8.18"]
[White "Radjabov, Teimour"]
[Black "Goutham Krishna H"]
[Result "1-0"]
[WhiteTitle "GM"]
[BlackTitle "IM"]
[WhiteElo "2692"]
[BlackElo "2433"]
[WhiteFideId "13400924"]
[BlackFideId "25983504"]
[EventDate "2025.12.29"]

1. d4 Nf6 2. c4 g6 3. Nc3 Bg7 4. e4 d6 5. Be2 O-O 6. Nf3 e5 7. O-O Bg4 8. d5 a5
9. Ne1 Bd7 10. Nd3 Na6 11. Be3 b6 12. b3 Nc5 13. Nxc5 bxc5 14. a4 h5 15. Bg5 Qc8
16. Qd2 Nh7 17. Be3 h4 18. f4 h3 19. Rf2 exf4 20. Bxf4 Qe8 21. Bd3 f5 22. Re1
fxe4 23. Nxe4 Qd8 24. Be3 Rxf2 25. Qxf2 Rb8 26. Bc2 Qe7 27. Qd2 hxg2 28. Ng3 Qh4
29. Qxg2 Ng5 30. Bd1 Re8 31. Bd2 Rf8 32. Be3 Nh3+ 33. Kh1 Nf4 34. Bxf4 Rxf4 35.
Bc2 Bh3 36. Qe2 Qf6 37. Ne4 Qd4 38. Ng5 Bg4 39. Qe8+ Rf8 40. Qxg6 Rf6 41. Re8+ 1-0

[Event "World Blitz 2025"]
[Site "Doha QAT"]
[Date "2025.12.29"]
[Round "8.19"]
[White "Makhnev, Denis"]
[Black "Sindarov, Javokhir"]
[Result "1/2-1/2"]
[WhiteTitle "GM"]
[BlackTitle "GM"]
[WhiteElo "2532"]
[BlackElo "2726"]
[WhiteFideId "13707647"]
[BlackFideId "14205483"]
[EventDate "2025.12.29"]

1. d4 Nf6 2. c4 c5 3. d5 b5 4. cxb5 a6 5. e3 axb5 6. Bxb5 Qa5+ 7. Nc3 Bb7 8. Bd2
Qb6 9. a4 Nxd5 10. Nf3 e6 11. O-O Nb4 12. e4 Be7 13. Ne5 O-O 14. Bf4 Qd8 15.
Nxd7 Nxd7 16. Qxd7 Qxd7 17. Bxd7 c4 18. Bb5 Nd3 19. Be3 Rfc8 20. Rab1 Bf6 21. f3
h5 22. Rfd1 Ba6 23. Kf1 Nxb2 24. Rxb2 Bxc3 25. Rc2 Bf6 26. f4 e5 27. f5 Bb7 28.
Rxc4 Rxc4 29. Bxc4 Bxe4 30. Rd7 Bxf5 31. Rc7 Rxa4 32. Bxf7+ Kh7 33. Bxh5 Bd3+
34. Be2 Bf5 35. Rc4 Ra2 36. Rb4 Be7 37. Rc4 Kg6 38. h4 Kf7 39. h5 Be6 40. Re4
Bf6 41. Bc4 Bxc4+ 42. Rxc4 Ke6 43. g4 Kd5 44. Rb4 Be7 45. Rb7 Bf8 46. Rf7 Ke4
47. Bf2 Ra8 48. g5 Kd5 49. g6 Ke6 50. Kg2 Rc8 51. Kf3 Rc3+ 52. Ke2 Rc2+ 53. Kd3
Rc8 54. Bg3 Rd8+ 55. Ke2 Rc8 56. Kf3 Rc3+ 57. Kg2 Rc2+ 58. Kf1 Rc8 59. Ke2 Rc2+
60. Kd3 Rc8 61. Bh4 Ra8 62. Be1 Ra3+ 63. Ke2 Ra8 64. Bc3 Rc8 65. Kd3 Ra8 66. Bb2
Rb8 67. Bc3 Ra8 68. Ke4 Ra4+ 69. Kd3 1/2-1/2

[Event "World Blitz 2025"]
[Site "Doha QAT"]
[Date "2025.12.29"]
[Round "8.20"]
[White "Niemann, Hans Moke"]
[Black "Naiditsch, Arkadij"]
[Result "0-1"]
[WhiteTitle "GM"]
[BlackTitle "GM"]
[WhiteElo "2725"]
[BlackElo "2574"]
[WhiteFideId "2093596"]
[BlackFideId "4650891"]
[EventDate "2025.12.29"]

1. e4 c5 2. Nf3 Nc6 3. Bb5 h6 4. c3 g5 5. h3 Bg7 6. O-O a6 7. Bxc6 dxc6 8. d3 e5
9. Be3 b6 10. b4 cxb4 11. cxb4 a5 12. bxa5 Rxa5 13. Qb3 c5 14. Nbd2 Be6 15. Nc4
b5 16. Nxa5 Bxb3 17. axb3 Ne7 18. Nb7 Qc7 19. Ra8+ Kd7 20. Nxc5+ Qxc5 21. Rxh8
Qb4 22. Rh7 Bf6 23. Rxf7 Ke6 24. Rh7 Qxb3 25. Rxh6 Kf7 26. Nxg5+ Kg7 27. Nh7 Ng8
28. Rh5 Bd8 29. Ng5 Nf6 30. Rh4 b4 31. Rc1 Qxd3 32. Ne6+ Kf7 33. Nxd8+ Qxd8 34.
Rb1 b3 35. Rh6 Qd3 36. Re1 0-1

[Event "World Blitz 2025"]
[Site "Doha QAT"]
[Date "2025.12.29"]
[Round "8.21"]
[White "Vokhidov, Shamsiddin"]
[Black "Andreikin, Dmitry"]
[Result "0-1"]
[WhiteTitle "GM"]
[BlackTitle "GM"]
[WhiteElo "2641"]
[BlackElo "2710"]
[WhiteFideId "14204223"]
[BlackFideId "4158814"]
[EventDate "2025.12.29"]

1. e4 e5 2. Nf3 Nc6 3. Bb5 Nf6 4. d3 d6 5. d4 exd4 6. Nxd4 Bd7 7. Nc3 g6 8. Bxc6
bxc6 9. Qe2 Qe7 10. O-O Bg7 11. Qa6 O-O 12. Nxc6 Qe8 13. Nb4 Rb8 14. a3 c5 15.
Nd3 Nxe4 16. Re1 f5 17. Nxe4 fxe4 18. Qxd6 Qf7 19. Rxe4 Bf5 20. Re7 Qf6 21. Qxf6
Bxf6 22. Re2 c4 23. Nb4 Rfd8 24. Re1 Rd7 25. Bf4 Rc8 26. Be5 Kf7 27. Bxf6 Kxf6
28. Rad1 Rcd8 29. Rxd7 Rxd7 30. f3 Rd2 31. Re3 a5 32. Nc6 Rxc2 33. Rc3 Rxb2 34.
Nxa5 Bd3 35. Nxc4 Rb1+ 36. Kf2 Bf5 37. Ne3 Rb2+ 38. Kg3 Be6 39. Rc6 g5 40. h4
gxh4+ 41. Kxh4 Rb3 42. Ng4+ Kf7 43. Ra6 Rb2 44. Nh6+ Ke7 45. g4 Kf6 46. f4 Ke7
47. f5 Bc4 48. Ra7+ Kf6 49. g5+ Ke5 50. Rc7 Bd3 51. Rd7 Kf4 52. Rd4+ Be4 53. Ng4
Kxf5 54. Rb4 Ra2 55. a4 Kf4 56. a5 Rg2 57. Kh3 Rg3+ 58. Kh2 Rg2+ 59. Kh3 Rg3+
60. Kh2 Rxg4 61. a6 Rxg5 62. Ra4 Rg8 63. a7 Ke5 64. Kh3 Ra8 65. Kg4 Bg6 66. Kg5
Kd6 67. Kf6 Kc6 68. Kg5 Kb6 69. Ra1 Rxa7 70. Rc1 Ra5+ 71. Kg4 Rc5 72. Rd1 Kc6
73. Kf4 Rd5 74. Rc1+ Kd6 75. Re1 Rf5+ 76. Kg4 Re5 77. Rd1+ Ke6 78. Ra1 Kf6 79.
Ra6+ Re6 80. Ra5 Re4+ 81. Kg3 Rb4 82. Rc5 Bf5 83. Rc7 Kg5 84. Rg7+ Bg6 85. Rc7
Rb3+ 86. Kf2 h5 87. Rc4 Bf5 88. Kg2 h4 0-1

[Event "World Blitz 2025"]
[Site "Doha QAT"]
[Date "2025.12.29"]
[Round "8.22"]
[White "Sevian, Samuel"]
[Black "Hovhannisyan, Robert"]
[Result "1/2-1/2"]
[WhiteTitle "GM"]
[BlackTitle "GM"]
[WhiteElo "2688"]
[BlackElo "2621"]
[WhiteFideId "2040506"]
[BlackFideId "13302507"]
[EventDate "2025.12.29"]

1. e4 e5 2. Nf3 Nc6 3. Bc4 Bc5 4. c3 Nf6 5. d3 d6 6. Bg5 a5 7. Nbd2 Ba7 8. a4
O-O 9. O-O h6 10. Bh4 g5 11. Bg3 Bg4 12. h3 Bh5 13. Re1 Kh8 14. Nf1 Rg8 15. Ne3
Ne7 16. Qb3 Bxf3 17. gxf3 Bxe3 18. fxe3 Nh5 19. Kh2 Rg7 20. Bf2 Ng6 21. Rg1 Qf6
22. Qd1 Rag8 23. f4 Nhxf4 24. exf4 exf4 25. d4 c6 26. Qh5 Kh7 27. Bd3 Qe6 28.
Rae1 Qb3 29. Re2 Qxa4 30. Rxg5 Qd1 31. Qf3 Qc1 32. Rg1 Nh4 33. Rxc1 Nxf3+ 34.
Kh1 Rg2 35. Be3 R2g3 36. e5+ Kh8 37. Bxf4 Rxh3+ 38. Bh2 Nxh2 39. Rxh2 Rxd3 40.
Rxh6+ Kg7 41. Rh5 dxe5 42. Rg1+ Kf8 43. Rxg8+ Kxg8 44. Rxe5 Rd1+ 45. Kg2 Rd2+
46. Kf3 Rxb2 47. Rxa5 Rb3 48. Rc5 Kf8 49. Ke4 Ke7 50. Re5+ Kd6 51. c4 Rh3 52.
Rf5 Rh4+ 53. Ke3 Ke6 54. Ra5 Rh1 55. d5+ Kd6 56. Ra7 cxd5 57. Rxb7 Rh3+ 58. Kd2
dxc4 59. Rxf7 Kc5 60. Kc2 1/2-1/2

[Event "World Blitz 2025"]
[Site "Doha QAT"]
[Date "2025.12.29"]
[Round "8.23"]
[White "Shimanov, Aleksandr"]
[Black "Sarana, Alexey"]
[Result "0-1"]
[WhiteTitle "GM"]
[BlackTitle "GM"]
[WhiteElo "2578"]
[BlackElo "2673"]
[WhiteFideId "4198603"]
[BlackFideId "24133795"]
[EventDate "2025.12.29"]

1. d4 Nf6 2. Bg5 d5 3. Nd2 c5 4. dxc5 Qa5 5. Bxf6 gxf6 6. Nf3 e6 7. e3 Nd7 8. a3
Qxc5 9. c4 dxc4 10. Bxc4 Nb6 11. Be2 Qe7 12. Ne4 f5 13. Ng3 Bg7 14. O-O O-O 15.
Qb3 Bd7 16. Bb5 Bxb5 17. Qxb5 Qd7 18. Qe2 Rfd8 19. Rad1 Qc6 20. Rc1 Qd5 21. Nh5
Qd3 22. Qxd3 Rxd3 23. Nxg7 Kxg7 24. Rc7 Rd7 25. Rfc1 Rad8 26. Kf1 Nd5 27. Rxd7
Rxd7 28. Ke2 Rd6 29. Ne5 Rb6 30. Nd3 Kf6 31. Rc8 a5 32. Kd2 Rd6 33. Ke2 b6 34.
h4 Ne7 35. Rc7 Nd5 36. Rc8 Rd7 37. Rc6 Rb7 38. g3 Rd7 39. Rc8 h6 40. Rc6 Rb7 41.
Rc8 a4 42. Rc4 b5 43. Rc8 b4 44. Ra8 bxa3 45. bxa3 Rb3 46. Nc5 Rxa3 47. Kf3 Nc3
48. Ra7 Ra2 49. Nd7+ Kg7 50. Kf4 Nd5+ 51. Ke5 Rxf2 52. Kd6 Nxe3 53. Ne5 Rd2+ 54.
Ke7 Nd5+ 55. Ke8 Nf6+ 56. Ke7 a3 57. Rxa3 Rd5 58. Nxf7 Rd7+ 59. Kxe6 Rxf7 60.
Kxf5 Rd7 61. Ra5 Rd5+ 62. Rxd5 Nxd5 63. g4 Ne3+ 64. Kf4 Ng2+ 65. Kg3 Ne1 66. Kf4
Kg6 67. Kg3 Nd3 68. Kf3 Nc5 69. Kf4 Ne6+ 70. Ke5 Nf8 71. Kf4 Nd7 72. Ke4 Nf8 73.
Ke5 Kf7 74. Kf5 Ng6 75. h5 Ne7+ 76. Ke5 Nc6+ 77. Kf5 Nd4+ 78. Ke4 Ne6 79. Kf5
Ng5 80. Ke5 Nh7 81. Kf5 Ng5 82. Ke5 Kg7 83. Kf5 Nh3 84. Ke6 Ng5+ 85. Ke5 Kf7 86.
Kf5 Nh3 87. Ke5 Ng1 88. Kf5 Nf3 89. Kf4 Nd4 90. Ke5 Ne6 91. Kf5 Ng7+ 92. Ke5 Ne8
93. Kf5 Nd6+ 94. Ke5 Ke7 95. Kd5 Nf7 96. Ke4 Kf6 97. Kf4 Ng5 0-1

[Event "World Blitz 2025"]
[Site "Doha QAT"]
[Date "2025.12.29"]
[Round "8.24"]
[White "Giri, Anish"]
[Black "Ponkratov, Pavel"]
[Result "0-1"]
[WhiteTitle "GM"]
[BlackTitle "GM"]
[WhiteElo "2760"]
[BlackElo "2587"]
[WhiteFideId "24116068"]
[BlackFideId "4157800"]
[EventDate "2025.12.29"]

1. c4 e5 2. g3 Nf6 3. Bg2 d5 4. cxd5 Nxd5 5. Nc3 Nb6 6. Nf3 Nc6 7. O-O Be7 8.
Rb1 a5 9. d3 h5 10. h4 Bg4 11. a3 f6 12. Be3 Nd4 13. Ne4 c6 14. b4 a4 15. Bxd4
exd4 16. Qc2 O-O 17. Nc5 Ra7 18. Qa2+ Qd5 19. Qb2 Rd8 20. Nh2 Qe5 21. Nxg4 hxg4
22. Rfe1 Bxc5 23. bxc5 Nd7 24. Rec1 Re8 25. Kf1 Nxc5 26. Qb6 Qxe2+ 27. Kg1 Nxd3
28. Qxa7 Qxf2+ 0-1